| 000 | 02090nam0a2200397 4500 | ||
|---|---|---|---|
| 001 | RU\NLR\bibl\2032427 | ||
| 005 | 20260408125429.0 | ||
| 010 |
_a978-5-58173-0552-4 _9100 |
||
| 021 |
_aRU _b2013-27725 _91912 |
||
| 035 | _a(NLR Aleph) 002069711 | ||
| 035 | _a(nilc)RuMoRGB-006563329 | ||
| 090 |
_a4742528 _c4742528 |
||
| 100 | _a20131026d2012 u y0rusy50 ca | ||
| 101 | 0 | _arus | |
| 102 | _aRU | ||
| 105 | _aa ||||||||| | ||
| 200 | 1 |
_aРост кедра сибирского на постоянных лесосеменных участках, формируемых в лесных культурах Северосаянского лесосеменного района Красноярского края _eмонография _fН. М. Уфимцева, Р. Н. Матвеева, О. Ф. Буторова _gМ-во образования и науки Российской Федерации, ФГОУ ВПО "Сибирский гос. технологический ун-т" |
|
| 210 |
_aКрасноярск _cСибГТУ _d2012 |
||
| 215 |
_a168 с. _cил., табл. _d21 |
||
| 320 | _aБиблиогр.: с. 152-168 | ||
| 606 | 1 |
_aСибирский кедр _xРост и развитие _yКрасноярский край _2nlr_sh2 _3RU\NLR\AUTH\6601539343 |
|
| 606 | 1 |
_aСибирский кедр _xКультура на семена _yКрасноярский край _2nlr_sh2 _3RU\NLR\AUTH\6601539344 |
|
| 686 | 1 | _aП381.1-275(2Р54-4Кра) | |
| 686 | 1 | _aП381.1-457(2Р54-4Кра) | |
| 700 | 1 |
_aУфимцева _bН. М. _gНина Мечиславовна |
|
| 701 | 1 |
_aМатвеева _bР. Н. _cд-р с.-х. наук _f1942- _gРимма Никитична _3RU\NLR\AUTH\7739655 |
|
| 701 | 1 |
_aБуторова _bО. Ф. _cд-р с.-х. наук _gОльга Федоровна _3RU\NLR\AUTH\770151064 |
|
| 801 | 0 |
_aRU _bRuMoRKP _c20130408 _gRCR |
|
| 801 | 1 |
_aRU _bRuMoRKP _c20130408 _2rusmarc |
|
| 801 | 2 |
_aRU _bРГБ _c20130424 _grcr |
|
| 801 | 2 |
_aRU _bNLR _c20130514 _grcr |
|
| 942 | _cBOOK | ||
| 980 | _aNBR | ||
| 980 | _aNB | ||